000 00262nam a2200109Ia 4500
008 190802s9999 xx 000 0 und d
100 _aDell Karnegi
245 0 _aMithay bol main Jadu hai
260 _aLahore
_bHaq Publishers
_c2018
300 _a336:p
942 _cBK
999 _c2511
_d2511